Fauna fantástica de la península ibérica / (Record no. 8489)

MARC details
000 -LEADER
campo de control de longitud fija 00917nam a2200265 i 4500
001 - NÚMERO DE CONTROL
campo de control 8489
003 - IDENTIFICADOR DE NÚMERO DE CONTROL
campo de control ES-MaACL
005 - FECHA Y HORA DE LA ÚLTIMA TRANSACCIÓN
campo de control 20250819063025.0
007 - CAMPO FIJO DE DESCRIPCIÓN FÍSICA--INFORMACIÓN GENERAL
campo de control de longitud fija t|
008 - DATOS DE LONGITUD FIJA--INFORMACIÓN GENERAL
campo de control de longitud fija 920707s1991 sp ||||1| spa d
017 ## - NÚMERO DE COPYRIGHT O DE DEPÓSITO LEGAL
Número de copyright o de depósito legal SS 993-1991
Agencia que asigna Oficina Depósito Legal Guipúzcoa
020 ## - NÚMERO INTERNACIONAL ESTÁNDAR DEL LIBRO
Número Internacional Estándar del Libro 84-7728-219-6
080 ## - NÚMERO DE LA CLASIFICACIÓN DECIMAL UNIVERSAL
Número de la Clasificación Decimal Universal 59:398.4
100 1# - ENTRADA PRINCIPAL--NOMBRE DE PERSONA
Nombre de persona Malaxecheverría, Ignacio
Término indicativo de función/relación Autor
9 (RLIN) 75702
245 10 - MENCIÓN DEL TÍTULO
Título Fauna fantástica de la península ibérica /
Mención de responsabilidad, etc. por Ignacio Malaxecheverría
260 ## - PUBLICACIÓN, DISTRIBUCIÓN, ETC.
Lugar de publicación, distribución, etc. San Sebastián :
Nombre del editor, distribuidor, etc. Kriselu,
Fecha de publicación, distribución, etc. [1991]
300 ## - DESCRIPCIÓN FÍSICA
Extensión 284 páginas :
Otras características físicas ilustraciones (blanco y negro y color) ;
Dimensiones 22 cm
Material acompañante/anejo
504 ## - NOTA DE BIBLIOGRAFÍA, ETC.
Nota de bibliografía, etc. Bibliografía: páginas 253-265
650 #0 - PUNTO DE ACCESO ADICIONAL DE MATERIA--TÉRMINO DE MATERIA
Término de materia o nombre geográfico como elemento de entrada Animales fabulosos-
Subdivisión geográfica España
9 (RLIN) 241815
650 #0 - PUNTO DE ACCESO ADICIONAL DE MATERIA--TÉRMINO DE MATERIA
Término de materia o nombre geográfico como elemento de entrada Animales fabulosos-
Subdivisión geográfica Portugal
9 (RLIN) 241816
852 4# - LOCALIZACIÓN
Ubicación ES-MaACL
Sublocalización o colección R.120635
Ubicación en estantería Depósito 2
Número de control de estantería L-15882
942 ## - ELEMENTOS DE ENTRADA SECUNDARIOS (KOHA)
Fuente del sistema de clasificación o colocación Clasificación decimal universal
Tipo de ítem Koha Libro impreso
Suprimir en OPAC No
Holdings
Estatus retirado Estado de pérdida Estado de daño No para préstamo Biblioteca de origen Biblioteca actual Ubicación en estantería Fecha de adquisición Fuente de adquisición Total de préstamos Signatura topográfica completa Código de barras Visto por última vez Precio de reemplazo Tipo de ítem Koha
        Biblioteca del Ateneo de Madrid Biblioteca del Ateneo de Madrid Depósito 2 17/01/2008     L-15882 1008670 23/02/2023 23/02/2023 Libro impreso